Chansons de Frank Sinatra - Mort Subite - Statistiques

Statistiques générales
  • Ce quiz a été pris 28 fois
  • Le résultat moyen est 11 sur 18
Answers on the Grid
Answers color-coded by a green-red scale on the quiz's grid according to % correct below.
Let it Snow ! Let it Snow !
My Way
New York, New York
Somethin' Stupid
Strangers in the Night
Fly Me to the Moon
Brazil
Empire State of Mind
Can't Take My Eyes Off You
Jingle Bells
That's Life
I've Got You Under My Skin
Five Minutes More
All or Nothing at All
Young at Heart
Witchcraft
Come Fly With Me
The Way You Look Tonight
It Was a Very Good Year
The Girl From Ipanema
What a Wonderful World
Hey Jude
These Boots Are Made For Walkin'
Hit The Road Jack
House of Fun
I Was Made for Lovin' You
Enola Gay
The Sound of Silence
Rock Around The Clock
Knockin' On Heaven's Door
White Wedding
Born To Be Wild
Please Mr. Postman
You Never Can Tell
Be My Baby
Happy Together
 
Statistiques - réponses
Réponse % Correct
Let it Snow ! Let it Snow !
87%
My Way
87%
Fly Me to the Moon
83%
New York, New York
83%
Strangers in the Night
78%
Come Fly With Me
70%
Somethin' Stupid
70%
That's Life
70%
The Way You Look Tonight
70%
It Was a Very Good Year
65%
I've Got You Under My Skin
65%
Jingle Bells
61%
All or Nothing at All
52%
The Girl From Ipanema
48%
Young at Heart
43%
Brazil
26%
Witchcraft
26%
Five Minutes More
22%
Aucun quiz correspondant
Distribution des résultats
% des personnes avec chaque résultat
Percentile par nombre de réponses
Votre historique - résultats
Vous n’avez pas pris ce quiz